000 00868nam a2200241Ia 4500
003 OSt
005 20220923220334.0
006 a|||||r|||| 00| 0
007 ta
008 220922b |||||||| |||| 00| 0 hin d
024 _a186,046
037 _cTextual
040 _aARTS
_cARTS
_bhin
041 _2hin
_ahin
082 _aY592, 152J7
100 _aजैन, नेमिचन्द्र
245 0 _aजाति सिद्वांत
_b एक अनुसन्धान द्वारा प्राप्त निष्पति
246 _aJāti sidvāanta: ek anusandhān dvārā prāpta niṣhpati
260 _aबम्बई
_b ओरियन्ट लोगमन्स
_c1957
300 _a103 पृ.
_ccm.
942 _hY592, 152J7
_cTEXL
_2CC
999 _c339291
_d339291